Solid State devices and applications (Record no. 57881)

MARC details
000 -LEADER
fixed length control field 00689nam a2200193 a 4500
008 - FIXED-LENGTH DATA ELEMENTS--GENERAL INFORMATION
fixed length control field 120416s1975 ||||||||||||||||| || u
020 ## - INTERNATIONAL STANDARD BOOK NUMBER
International Standard Book Number 0138221065
050 ## - LIBRARY OF CONGRESS CALL NUMBER
Classification number TK 7871.85 Dri
100 ## - MAIN ENTRY--PERSONAL NAME
Personal name Coughlin, Robert F
245 10 - TITLE STATEMENT
Title Solid State devices and applications
260 ## - PUBLICATION, DISTRIBUTION, ETC.
Place of publication, distribution, etc. Englewood Cliffs, N.J.:
Name of publisher, distributor, etc. FT Prentice-Hall
Date of publication, distribution, etc. 1975
300 ## - PHYSICAL DESCRIPTION
Extent xiv, 475p. : ill
350 ## - PRICE (NR) (BK AM CF MU VM SE) [OBSOLETE]
Price 0.00
500 ## - GENERAL NOTE
General note Bibliography: p. 462-464.
650 ## - SUBJECT ADDED ENTRY--TOPICAL TERM
Topical term or geographic name entry element SEMICONDUCTORS
650 ## - SUBJECT ADDED ENTRY--TOPICAL TERM
Topical term or geographic name entry element TRANSISTOR CIRCUITS
700 ## - ADDED ENTRY--PERSONAL NAME
Personal name Driscoll, Frederick F., 1943-
995 ## - RECOMMENDATION 995 [LOCAL, UNIMARC FRANCE]
-- 0.00
-- CBU-MAIN LIBRARY (Kitwe)
-- 1
-- 10.55
-- AVAILABLE
-- Annex Low-Usage Collection
Holdings
Withdrawn status Lost status Source of classification or shelving scheme Damaged status Not for loan Home library Current library Shelving location Date acquired Total Checkouts Full call number Barcode Date last seen Price effective from Koha item type
          CBU-MAIN LIBRARY, KITWE. CBU-MAIN LIBRARY, KITWE.   11/30/2022   TK 7871.85 Dri 016442 11/30/2022 11/30/2022 MONOGRAPH